000 00557nam a22002417a 4500
001 20405
003 UA-OsUOA
005 20210113224342.0
007 ta
008 20031028b un ||||| |||| 00| 0 ukr d
040 _aUA-OsUOA
_brus
_cUA-OsUOA
_dUA-OsUOA
041 _arus
044 _aRU
080 _a91 (091)
090 _a91 (091)
_bТ80
100 _aТрухановский В.Г.
245 _aАдмирал Нельсон
260 _aМосква
_bНаука
_c1980
300 _a181 с.
650 7 _2UDC
942 _cBK
955 _a0
999 _c306582
_d306582